VIII Semana Internacional de Estudios Sociales
Publicado:
San Jorge, núm. 79 - 80 (3r i 4rt trimestre 1970), pàg 120 :
Otros Autores:
Semana de Estudios Sociales (8a : Barcelona : 1970)
MARC
| LEADER | 00000nam a2200000Ia 4500 | ||
|---|---|---|---|
| 001 | |||
| 008 | 160829s9999 xx 000 0 cat d | ||
| 245 | |a VIII Semana Internacional de Estudios Sociales | ||
| 260 | |a San Jorge, núm. 79 - 80 (3r i 4rt trimestre 1970), pàg 120 | ||
| 600 | 0 | |a Muller i d'Abadal, Josep M., |d 1919-1981 |9 28922 | |
| 610 | 2 | 0 | |a Palau de la Generalitat de Catalunya |9 53043 |
| 610 | 1 | 0 | |a Barcelona (Catalunya : Província). |b Diputació |9 52408 |
| 650 | |a Sociologia |x Congressos |9 31409 | ||
| 700 | |a Semana de Estudios Sociales (8a : Barcelona : 1970) |9 44610 | ||
| 901 | |a Arxiu | ||
| 942 | |n 1 | ||
| 952 | |0 0 |1 0 |4 0 |7 1 |9 52038 |a Arxiu |b Arxiu |d 2016-12-01 |l 0 |r 2016-12-01 00:00:00 |w 2016-12-01 |y ARXIU | ||
| 999 | |c 55886 |d 55886 | ||